00968cam a2200205 a 450000100100000000500170001000800410002704000250006808200200009310000600011324500440017326000550021730000210027265000360029365000370032995201230036695201290048995201290061899900150074700000767120200929154245.0790801s1958 pr 001 0 spa  aDO-SdBNPbspacBNPHU aPR866.44bA366c1 aAlegria, José S.,c(Raimundo Lucio)d1887-196592126310aCartas a Florinda /cJosé S. Alegria. aSan Juan, Puerto Rico :bClub de la Prensa,c1958. a216 p. ;c23 cm. 4aCartas puertorriqueñas921264 4aLiteratura puertorriqueña9250 001054708MOaGRbGRcCTd2009-09-09iLF1l0oPR866.44 A366cp7671-10r2020-06-25w2020-06-25y4ZPréstamo en sala 001053728MOaGRbGRcCTd2010-03-29iLF1l0oPR866.44 A366cp7671-20r2020-06-25te. 2w2020-06-25y4ZPréstamo en sala 001054708MOaGRbGRcCTd2010-07-20iLF1l0oPR866.44 A366cp7671-30r2020-06-25te. 3w2020-06-25y4ZPréstamo en sala c7451d7451